Most Viewed Videos on YouTube - Statistics

General Stats
  • This quiz has been taken 31 times
  • The average score is 5 of 15
Answer Stats
Views Answer % Correct
15B Baby Shark Dance
72%
8B Despacito
72%
5B Gangnam Style
68%
6B Shape of You
56%
7B Wheels on the Bus
40%
4B Baa Baa Black Sheep
36%
6B Bath Song
32%
6B See You Again
32%
7B Johny Johny Yes Papa
24%
4B Axel F
20%
5B Learning Colors – Colorful Eggs on a Farm
16%
4B Masha and the Bear – Recipe for Disaster
16%
5B Uptown Funk
16%
4B Dame Tu Cosita
12%
6B Phonics Song with 2 Words
12%
No matching quizzes found
Score Distribution
Percent of People with Each Score
Percentile by Number Answered
Your Score History
You have not taken this quiz